Statistics for Call of Duty League - Champs Rosters 2023

Click here to take the quiz!

General Stats

  • This quiz has been taken 32 times
  • The average score is 28 of 32

Answer Stats

Team% Correct
aBeZy
100%
Cellium
100%
Dashy
100%
Drazah
100%
Simp
100%
Envoy
94%
Hydra
94%
Insight
94%
Kenny
94%
Octane
94%
Shotzzy
94%
CleanX
89%
Huke
89%
Pred
89%
Priestahh
89%
Scrappy
89%
Attach
83%
Bance
83%
Ghosty
83%
Hicksy
83%
Kismet
83%
Mack
83%
Sib
83%
Skyz
83%
SlasheR
83%
Accuracy
78%
Cammy
78%
Owakening
78%
Snoopy
78%
Beans
72%
Fame
67%
Kremp
50%

Score Distribution

Percentile by Number Answered

Percent of People with Each Score

Your Score History

You have not taken this quiz